00556nam a22001817a 450000500170000001000150001702000270003203500140005903700090007308200160008210000210009824501050011926000460022427000420027030000210031270000200033370000210035320220210114424.0 aENG-131495 a9788181715036c4200.00 aEN-115027 bDBAD a577.7860954 aChandra, Kailash aCurrent Status of Estuarine Biodiversity in India/cKailash Chandra, C. Raghunathan, SwetaPadma Dash aKolkatabZoological Survey of Indiac2018 aM-Block, New AliporebKolkatae700053 a576p.c25cm(hbk) aRaghunathan, C. aSwetapadma, Dash